| 000 | 01314cam a2200337 a 4500 | ||
|---|---|---|---|
| 090 | _c0 | ||
| 001 | 14665521 | ||
| 005 | 20070815131128.0 | ||
| 008 | 061211s2008 njua b 001 0 eng | ||
| 010 | _a 2006100979 | ||
| 020 | _a9780131986251 | ||
| 020 | _a0131986252 | ||
| 035 | _a(OCoLC)ocm76961292 | ||
| 035 | _a(OCoLC)76961292 | ||
| 040 |
_aDLC _cDLC _dBAKER _dC#P _dBTCTA _dYDXCP _dDLC |
||
| 050 | 0 | 0 |
_aQA76.9.D3 _bK736 2008 |
| 082 | 0 | 0 |
_a005.74 _222 _bKRO |
| 100 | 1 | _aKroenke, David. | |
| 245 | 1 | 0 |
_aDatabase concepts / _cDavid M. Kroenke, David J. Auer. |
| 250 | _a3rd ed. | ||
| 260 |
_aUpper Saddle River, N.J. : _bPearson Prentice Hall, _cc2008. |
||
| 300 |
_axvii, 426 p. : _bcol. ill. ; _c28 cm. |
||
| 500 | _aIncludes index. | ||
| 650 | 0 | _aDatabase management. | |
| 650 | 0 | _aRelational databases. | |
| 700 | 1 | _aAuer, David J. | |
| 856 | 4 | 1 |
_3Table of contents only _uhttp://www.loc.gov/catdir/toc/ecip076/2006100979.html |
| 942 |
_2ddc _cBB |
||
| 999 |
_c10494 _d10494 |
||